MANAGEMENT DEVELOPMENT : Making the Investment Count /

Bibliographic Details
Main Author: Syrett, Michel, 1957- (Author)
Other Authors: Lammiman, Jean
Format: Book
Published: London Profile Books 1999
Series:Economist books
Subjects:
LEADER 00975cam a2200325 7i4500
001 0000072910
005 20250324090000.0
020 # # |a 9781861970565  
040 # # |a BK 
082 0 4 |a 658.3044 
090 0 0 |a 658.3044   |b SYR 
100 1 # |a Syrett, Michel,   |d 1957-   |e author 
245 1 0 |a MANAGEMENT DEVELOPMENT :   |b Making the Investment Count /   |c Michel Syrett and Jean Lammiman. 
264 # 4 |c ♭1999 
264 # 1 |a London  |b Profile Books  |c 1999 
300 # # |a xi, 178 pages;   |c 23cm. 
336 # # |a text  |2 rdacontent 
337 # # |a unmediated  |2 rdamedia 
338 # # |a volume  |2 rdacarrier 
490 1 # |a The Economist books 
504 # # |a Includes bibliographical references (pages :165-166) 
583 # # |a LULUS 
650 2 0 |a Executives --   |x Training of  
650 1 0 |a Manpower planning  
650 2 0 |a Executive ability  
700 1 # |a Lammiman, Jean  
830 # 0 |a Economist books 
997 # # |a BK 
998 # # |a 1000075775 
999 |a 1000075775  |b BOOK  |c Main Non-Fiction  |e INTAN Bukit Kiara